| 000 | 00000nam 2200000za 4500 |
| 001 | 9.846900 |
| 003 | CaOODSP |
| 005 | 20241203113640 |
| 007 | cr ||||||||||| |
| 008 | 171109s1983 onca|||fo f000 0 eng d |
| 040 | |aCaOODSP|beng |
| 041 | |aeng|bfre |
| 043 | |an-cn--- |
| 086 | 1 |aEn13-5/83-19E-PDF |
| 100 | 1 |aThompson, Mary E. |
| 245 | 10|aFactor analysis applied to water chemistry data |h[electronic resource] : |bits usefulness and limitations / |cby Mary E. Thompson. |
| 246 | 1 |iShort title: |aFactor analysis of water chemistry data |
| 260 | |aBurlington, Ont. : |bEnvironment Canada, National Water Research Institute,|c1983. |
| 300 | |a25, [4] p. : |bill. |
| 490 | 1 |aNational Water Research Institute contribution ; |v#83-19 |
| 500 | |a"April 1983". |
| 500 | |aDigitized edition from print [produced by Environment and Climate Change Canada]. |
| 504 | |aIncludes bibliographical references. |
| 520 | 3 |a"Results of factor analysis applied to data for rivers, lakes, and precipitation chemistry are presented. The major factors affecting the chemistry of surface waters are sea salt (near the coast), chemical weathering, and acidic precipitation. Similarly, the major factors affecting precipitation chemistry are sea salt (near the coast), acidic precipitation, and continental dust"--Abstract. |
| 546 | |aIncludes abstracts in French. |
| 692 | 07|2gccst|aWater management |
| 692 | 07|2gccst|aWater quality |
| 710 | 1 |aCanada. |bEnvironment Canada. |
| 710 | 2 |aNational Water Research Institute (Canada) |
| 830 | #0|aNWRI contribution ;|vno. 83-19|w(CaOODSP)9.844121 |
| 856 | 40|qPDF|s2.28 MB|uhttps://publications.gc.ca/collections/collection_2017/eccc/En13-5-83-19-eng.pdf |